00553nam a22001457a 4500008004100000020001900041050002200060100002000082245009300102260002500195300001000220942001200230999001700242952014800259230913b |||||||| |||| 00| 0 eng d a978-1633421820 aBT1102b.H87 2020 aHurley, Shannon aThe quest for truth :bA journey into the heart of Biblical christianitycShannon Hurley bShepherd pressc2020 a253p. 2lcccBK c20282d20281 00102lcc70aKABUbKABUd2023-09-13g1750.00i0303/2022l1oBT1102 .H87 2020 C.1p031779r2024-08-02 00:00:00s2023-10-19tC.1w2023-09-13yBK